| 000 | 00608nam a22001937a 4500 | ||
|---|---|---|---|
| 005 | 20250710145027.0 | ||
| 008 | 250710b |||||||| |||| 00| 0 eng d | ||
| 020 | _a978-1-4737-2633-8 | ||
| 050 | _aHD30.28 .T46 2017 | ||
| 100 | _aTHOMPSON, JOHN | ||
| 245 | _aSTRATEGIC MANAGEMENT: AWARENESS AND CHANGE | ||
| 250 | _a8 | ||
| 260 |
_aUNITED KINGDOM _bCENGAGE LEARNING EMEA _c2017 |
||
| 300 | _aXX,650P.:ILL | ||
| 500 | _aINCLUDES BIBLIOGRAPHICAL REFERENCES AND INDEX | ||
| 650 | _a1. STRATEGIC PLANNING 2. INDUSTRIAL MANAGEMENT | ||
| 700 | _a1. SCOTT, JONATHAN M. 2. MARTIN, FRANK | ||
| 942 |
_2lcc _cBK |
||
| 999 |
_c215882 _d215882 |
||